LEADER 00815cam0 2200253 450 001 000014197 005 20081222143053.0 100 $a20080708d1976----km-y0itay50------ba 101 0 $aeng 102 $aUS 105 $ay-------001yy 200 1 $aCurrent perspectives in banking$eoperations, management and regulation$fedited by T. M. Havrilesky, J. T. Boorman 210 $aArlington Heights (Ill.)$cAHM$d1976 215 $aXII, 556 p.$d23 cm 500 10$aCurrent perspectives in banking$956943 610 1 $aBanche 676 $a332.3$v19 702 1$aHavrilesky,$bThomas M.$4070 702 1$aBoorman,$bJohn T.$4070 801 0$aIT$bUNIPARTHENOPE$c20080708$gRICA$2UNIMARC 912 $a000014197 951 $a312/66$b6901$cNAVA2$d2008 996 $aCurrent perspectives in banking$956943 997 $aUNIPARTHENOPE LEADER 01604nas0-2200457---450- 001 990000831900203316 005 20140625133839.0 011 $a1591-9064 035 $a0083190 035 $aUSA010083190 035 $a(ALEPH)000083190USA01 035 $a0083190 100 $a20020102a19969999|||y0itay01 ba 101 0 $aita 102 $aIT 110 $aakazz--|||| 200 1 $aOsservatorio sulle fonti 207 0$aA. 1 (1996)- 210 $aTorino$cG. Giappichelli$d[1996]- 215 $avolumi$d24 cm 326 $aAnnuale 606 $aLegge$xPeriodici 606 $aDecreti legge$xPeriodici 676 $a342.4505 801 0$aIT$bsalbc$gISBD 856 4 $uhttp://www.osservatoriosullefonti.it/component/docman/cat_view/46-archivio-osservatorio$4.$zArchivio 1996-2009; 912 $a990000831900203316 958 $aGIU$bFondo$c1996-2009; 2011-2012;$i30651G.;26922 G.;38520 G;43131 G.;55124 G.;51412 G.;58673 g.;63004 G.;70017 G.;68716 G.;78721 G.;22262 G.; 958 $aDITESI$b342.05 OSS$c1997-1998;$i3827 DITESI (SEZ. 2 N. 1186); 4107 DITESI (SEZ. 2 N. 1229) 959 $aSE 979 $aPATTY$b90$c20020102$lUSA01$h1546 979 $aPATTY$b90$c20020102$lUSA01$h1558 979 $aPATTY$b90$c20020103$lUSA01$h1122 979 $aPATTY$b90$c20020103$lUSA01$h1122 979 $aPATTY$b90$c20020103$lUSA01$h1122 979 $c20020403$lUSA01$h1729 979 $aPATRY$b90$c20040406$lUSA01$h1657 979 $aVITTORIANA$b90$c20140625$lUSA01$h1338 979 $aVITTORIANA$b90$c20140625$lUSA01$h1338 996 $aOsservatorio sulle fonti$9967447 997 $aUNISA